[Event "Itapetininga Alves Memorial"]
[Site "Itapetininga"]
[Date "2010.10.12"]
[Round "6.15"]
[White "Andrades, Jose Jorge Lopes"]
[Black "Kikuchi Cadilhac, Igor Tokuich"]
[Result "0-1"]
[WhiteElo "1854"]
[BlackElo "1854"]
[PlyCount "91"]
[EventDate "2010.10.09"]
[EventType "swiss"]
[EventRounds "6"]
[EventCountry "BRA"]
[SourceTitle "EXT 2022"]
[Source "ChessBase"]
[SourceDate "2021.10.06"]
[SourceVersion "1"]
[SourceVersionDate "2021.10.06"]
[SourceQuality "1"]

1. e4 c5 2. f4 e6 3. Nf3 g6 4. c3 Bg7 5. Bc4 Ne7 6. 0-0 0-0 7. d3 Qb6 8. Kh1 d6 9. Nbd2 Nbc6 10. a3 Rd8 11. Rb1 Qc7 12. Ba2 b6 13. Ng5 h6 14. Nh3 d5 15. e5 Bb7 16. Nf3 Rd7 17. Bd2 Rad8 18. Rc1 Ba6 19. Qe2 Qb7 20. g4 d4 21. c4 Kh7 22. Nf2 Nc8 23. h4 N6e7 24. Ne4 Ng8 25. Kg2 f5 26. gxf5 gxf5 27. Ng3 Nge7 28. Kf2 Ng6 29. Rh1 Bh8 30. Rcg1 Nf8 31. b4 Qc7 32. Ng5+ hxg5 33. hxg5+ Kg8 34. g6 Ne7 35. Qh5 Bg7 36. Ne2 Bb7 37. Rh3 a6 38. Be1 Qc6 39. Kf1 Qa4 40. Bh4 Qxa3 41. Bf6 Bxf6 42. exf6 Nexg6 43. Rxg6+ Kf7 44. Rh6+ Ng6 45. Qxg6+ Kf8 46. Rh8# 0-1